Особенности формирования поверхности трения при фрикционном контакте Al и Fe; Высокие технологии в современной науке и технике

Bibliografske podrobnosti
Parent link:Высокие технологии в современной науке и технике.— 2015.— [С. 67-71]
Glavni avtor: Русин Н. М.
Drugi avtorji: Скоренцев А. Л. Александр Леонидович
Izvleček:Заглавие с титульного экрана
Jezik:ruščina
Izdano: 2015
Serija:Технологии наноматериалов и материалов нового поколения
Teme:
Online dostop:http://earchive.tpu.ru/handle/11683/15600
http://www.lib.tpu.ru/fulltext/c/2015/C17/017.pdf
Format: MixedMaterials Elektronski Book Chapter
KOHA link:https://koha.lib.tpu.ru/cgi-bin/koha/opac-detail.pl?biblionumber=613567

MARC

LEADER 00000naa2a2200000 4500
001 613567
005 20251206175625.0
035 |a (RuTPU)RU\TPU\conf\11712 
035 |a RU\TPU\conf\11711 
090 |a 613567 
100 |a 20150819d2015 k y0rusy50 ca 
101 0 |a rus 
102 |a RU 
135 |a drgn ---uucaa 
181 0 |a i  
182 0 |a b 
200 1 |a Особенности формирования поверхности трения при фрикционном контакте Al и Fe  |f Н. М. Русин, А. Л. Скоренцев 
203 |a Текст  |c электронный 
225 1 |a Технологии наноматериалов и материалов нового поколения 
300 |a Заглавие с титульного экрана 
320 |a [Библиогр.: с. 71 (3 назв.)] 
337 |a Adobe Reader 
463 0 |0 (RuTPU)RU\TPU\conf\11660  |t Высокие технологии в современной науке и технике  |o сборник научных трудов IV Международной научно-технической конференции молодых ученых, аспирантов и студентов, г. Томск, 21-24 апреля 2015 г.  |f Национальный исследовательский Томский политехнический университет (ТПУ) ; под ред. А. Н. Яковлева  |v [С. 67-71]  |d 2015 
610 1 |a труды учёных ТПУ 
610 1 |a электронный ресурс 
610 1 |a поверхности трения 
610 1 |a фрикционные контакты 
610 1 |a алюминий 
610 1 |a железо 
700 1 |a Русин  |b Н. М. 
701 1 |a Скоренцев  |b А. Л.  |c физик  |c инженер Томского политехнического университета, кандидат технических наук  |f 1987-  |g Александр Леонидович  |3 (RuTPU)RU\TPU\pers\35032  |9 18319 
801 2 |a RU  |b 63413507  |c 20210127  |g RCR 
856 4 |u http://earchive.tpu.ru/handle/11683/15600  |z http://earchive.tpu.ru/handle/11683/15600 
856 4 |u http://www.lib.tpu.ru/fulltext/c/2015/C17/017.pdf  |z http://www.lib.tpu.ru/fulltext/c/2015/C17/017.pdf 
942 |c CF